00704nam a2200205Ia 4500003000900000008004100009020001800050040001600068080002300084245016400107260003000271300001500301490005100316650001900367650001800386650002200404700002400426700002600450700002200476IN-BaIIA211028s9999 xx 000 0 eng d a1-4020-4347-3 cIIA Library a52(082.1)bASS-337 0aAstrophysical disksbcollective and stochastic phenomenacedited by A. M. Fridman, M. Ya Marov and I. G. Kovalenko  aDordrechtbSpringerc2006 axvi, 351p. aAstrophysics and space science library; v. 337 aAccretion disk aDisk galaxies aGalactic vortices aFridman, A. M., ed. aKovalenko, I. G., ed. aMarov, M. Ya, ed.